000 00958nas a2200313 4500
001 BR0800782
003 BR-BrBNA
005 20231205111552.0
007 ta
008 230509b bl.|||p| |||| 00| 00por d
040 _aBR-BrBNA
_bpor
_cBiblioteca Nacional de Agricultura
041 _a(Pt)
072 _aL40; L73
100 1 _aOba, E.
100 1 _aLangoni, H.
100 1 _aPaula Santos, M.A.F.
100 1 _aListoni, F.
100 1 _aEmílio, J.
100 1 _aPimentel, M.A.
245 1 _aEstudo bacteriológico e sensibilidade dos microorganismos isolados da vagina de búfalas face a diferentes drogas antimicrobianas
650 _aBÚFALO
650 _aMICROFLORA
650 _aBACTÉRIA
650 _aANTIBIÓTICO
650 _aVAGINA
773 0 _tRevista Brasileira de Reprodução Animal (Brazil)
_xISSN 0102-0803
_g(1994), v. 18(1-2) p. 47-54
_wBR0800782
909 _a202311
_bLúcia
_c55
_dLúcia Elande
942 _2AGRIS
_n0
_cANA
999 _c193351
_d193351